Comparative sequence analysis of the tuf and recA genes and restriction fragment length polymorphism of the internal transcribed spacer region sequences supply additional tools for discriminating bifidobacterium lactis from bifidobacterium animalis /

Bewaard in:
Bibliografische gegevens
Hoofdauteur: Ventura, Marco.
Andere auteurs: Zink, Ralf.
Formaat: Artikel
Taal:English
Onderwerpen:
Tags: Voeg label toe
Geen labels, Wees de eerste die dit record labelt!
Thư viện lưu trữ: Thư viện Trường Đại học Đà Lạt
LEADER 01157nam a2200325 4500
001 DLU090092955
005 ##20091201
040 # # |a DLU  |b eng 
041 # # |a eng 
044 # # |a us 
100 # # |a Ventura, Marco.  
245 # # |a Comparative sequence analysis of the tuf and recA genes and restriction fragment length polymorphism of the internal transcribed spacer region sequences supply additional tools for discriminating bifidobacterium lactis from bifidobacterium animalis /  |c Marco Ventura, Ralf Zink. 
653 # # |a Bacteria 
653 # # |a Bifidobacterium animalis 
653 # # |a Differentiation 
653 # # |a Genes 
653 # # |a Nucleotide sequence 
653 # # |a Restriction fragment length polymorphism 
653 # # |a Spacer DNA 
700 # # |a Zink, Ralf.  
773 # # |t Applied and Environmental Microbiology  |g Vol. 69, no. 12 (December 2003), p. 7517-7522 
920 # # |a Phòng Tạp chí -- Trung tâm Thông tin - Thư viện Trường Đại học Đà Lạt 
994 # # |a DLU 
900 # # |a True 
911 # # |a Trương Bảo Trâm Anh 
925 # # |a G 
926 # # |a A 
927 # # |a BB 
980 # # |a Thư viện Trường Đại học Đà Lạt